Přípravky : Výpočet a konstrukce s příklady ze strojírenské praxe /
Salvato in:
| Autori principali: | , |
|---|---|
| Natura: | Libro |
| Lingua: | ceco |
| Pubblicazione: |
Praha :
Práce,
1957
|
| Soggetti: | |
| Tags: |
Nessun Tag, puoi essere il primo ad aggiungerne!!
|
MARC
| LEADER | 00000nam a22000003a 4500 | ||
|---|---|---|---|
| 001 | stu40451 | ||
| 005 | 20150617225722.8 | ||
| 008 | 930505s1957----cs------------------cze-d | ||
| 040 | |a STU |b slo | ||
| 041 | 0 | |a cze | |
| 044 | |a cs | ||
| 080 | |a 621.753.4 | ||
| 100 | 1 | |a Chvála, Břetislav |4 aut | |
| 245 | 1 | |a Přípravky : |b Výpočet a konstrukce s příklady ze strojírenské praxe / |c [aut.]J. Píč, B. Chvála | |
| 260 | |a Praha : |b Práce, |c 1957 | ||
| 300 | |a 186 s | ||
| 650 | 7 | |a prípravky |2 stusub | |
| 650 | 7 | |a konštrukcie a výpočty |2 stusub | |
| 700 | 1 | |a Píč, Josef |4 aut | |
| 996 | |b 284M020052 |c M*3695-1 |l MMKN |s A |a 24 |w stu40451_0001 | ||